000 00536nam a2200217Ia 4500
003 OSt
005 20220928144734.0
006 a|||||r|||| 00| 0
007 ta
008 220927b |||||||| |||| 00| 0 eng d
024 _a73438
037 _cTextual
040 _aSDCL
_cSDCL
_beng
041 _2eng
_aeng
082 _aD661,8:845, M5
100 _aDatta SK
_9509357
245 0 _aPower electronics and controls.
260 _c1985
942 _hD661,8:845, M5
_cTEXL
_2CC
999 _c829339
_d829339